A simplified grammar of the Japanese language / (Record no. 7526)
[ view plain ]
| 000 -LEADER | |
|---|---|
| fixed length control field | 00953mam a2200289 4500 |
| 001 - CONTROL NUMBER | |
| control field | 7526 |
| 003 - CONTROL NUMBER IDENTIFIER | |
| rucl marc code | BD-RjUL |
| 005 - DATE AND TIME OF LATEST TRANSACTION | |
| control field | 20211208234431.0 |
| 008 - FIXED-LENGTH DATA ELEMENTS--GENERAL INFORMATION | |
| fixed length control field | 140115r19441924ilu 001 0 eng u |
| 035 ## - SYSTEM CONTROL NUMBER | |
| System control number | (OCoLC)ocm01204198 |
| System control number | (BD-RjUL)7570 |
| System control number | (NNC)1617634 |
| 040 ## - CATALOGING SOURCE | |
| Transcribing agency | TEU |
| Modifying agency | OCL |
| Original cataloging agency | BD-RjUL |
| Language of cataloging | eng |
| 041 0# - LANGUAGE CODE | |
| Language code of text/sound track or separate title | engjpn |
| 082 ## - DEWEY DECIMAL CLASSIFICATION NUMBER | |
| Classification number | 495.65 |
| Author mark and year | CHS 1944 |
| 100 1# - MAIN ENTRY--PERSONAL NAME | |
| Personal name | Chamberlain, Basil Hall, |
| Dates associated with a name | 1850-1935. |
| 9 (RLIN) | 23484 |
| 245 12 - TITLE STATEMENT | |
| Title | A simplified grammar of the Japanese language / |
| Remainder of title | (Modern written style) : |
| Statement of responsibility, etc. | by Basil Hall Chamberlain. |
| 250 ## - EDITION STATEMENT | |
| Edition statement | Rev. ed. by Colonel James Garfield McIlroy. |
| 260 ## - PUBLICATION, DISTRIBUTION, ETC. (IMPRINT) | |
| Place of publication, distribution, etc. | Chicago, Ill., |
| Name of publisher, distributor, etc. | The University of Chicago Press |
| Date of publication, distribution, etc. | c1924 [Impression 1944]. |
| 300 ## - PHYSICAL DESCRIPTION | |
| Pagination | viii, 144 p. : |
| Size | 20 cm. |
| 504 ## - BIBLIOGRAPHY, ETC. NOTE | |
| Bibliography, etc | Includes index. |
| 650 #0 - SUBJECT ADDED ENTRY--TOPICAL TERM | |
| Topical term or geographic name as entry element | Japanese language |
| General subdivision | Grammar. |
| 9 (RLIN) | 23485 |
| 700 1# - ADDED ENTRY--PERSONAL NAME | |
| Personal name | McIlroy, James Garfield, |
| Relator term | editor. |
| 942 ## - ADDED ENTRY ELEMENTS (KOHA) | |
| Source of classification or shelving scheme | Dewey Decimal Classification |
| Koha item type | Books |
| Lost status | Source of classification or shelving scheme | Damaged status | Not for loan | Permanent Location | Current Location | Shelving location | Date acquired | Source of acquisition | Total Checkouts | Full call number | Date last seen | Copy number | Koha item type | Collection code |
|---|---|---|---|---|---|---|---|---|---|---|---|---|---|---|
| Dewey Decimal Classification | Central Library, University of Rajshahi | Central Library, University of Rajshahi | 18/01/1962 | Direction melitary | 495.65 CHS 1944 | 15/01/2014 | C-3 | Books | ||||||
| Dewey Decimal Classification | Central Library, University of Rajshahi | Central Library, University of Rajshahi | 18/01/1962 | Direction melitary | 495.65 CHS 1944 | 31/08/2016 | C-4 | Books | Non-fiction | |||||
| Dewey Decimal Classification | Central Library, University of Rajshahi | Central Library, University of Rajshahi | 18/01/1962 | Direction melitary | 495.65 CHS 1944 | 31/08/2016 | C-5 | Books | Non-fiction |